| 000 | 00859mam a2200289 a 4500 | ||
|---|---|---|---|
| 001 | 1524578 | ||
| 003 | ARRUPE | ||
| 005 | 20131001133318.0 | ||
| 008 | 941007s1994 enk 001 0 eng d | ||
| 020 | _a0335191495 | ||
| 020 | _a0335191487 (pbk.) | ||
| 035 | _a(OCoLC)ocm31233782 | ||
| 035 | _a(NNC)1524578 | ||
| 040 |
_aEUE _cEUE _dNNC |
||
| 050 |
_aHM73 _b.L96 1994 |
||
| 100 | 1 |
_aLyon, David, _d1948- _91838 |
|
| 245 | 1 | 0 |
_aPostmodernity / _cDavid Lyon. |
| 260 |
_aBuckingham : _bOpen University Press, _c1994. |
||
| 300 |
_aviii, 104 p. ; _c22 cm. |
||
| 490 | 1 | _aConcepts in the social sciences | |
| 504 | _aIncludes bibliographical references and index. | ||
| 650 | 0 |
_aPostmodernism _xSocial aspects. _91839 |
|
| 650 | 0 |
_aSocial change. _91840 |
|
| 830 | 0 |
_aConcepts in the social sciences. _91841 |
|
| 942 |
_2lcc _cMONOGRAPH |
||
| 999 |
_c118183 _d118183 |
||